Odyssey : books VI-VIII
Αποθηκεύτηκε σε:
| Κύριος συγγραφέας: | |
|---|---|
| Άλλοι συγγραφείς: | |
| Μορφή: | Βιβλίο |
| Γλώσσα: | English |
| Δημοσίευση: |
Cambridge :
Cambridge University Press,
1994
|
| Σειρά: | Cambridge Greek and Latin classics
|
| Θέματα: | |
| Ετικέτες: |
Προσθήκη ετικέτας
Δεν υπάρχουν, Καταχωρήστε ετικέτα πρώτοι!
|
MARC
| LEADER | 00000nam a2200000 i 4500 | ||
|---|---|---|---|
| 001 | 1/46896 | ||
| 008 | 040114s1994 eng d | ||
| 020 | |a 0-521-33840-9 | ||
| 035 | |l 10071982 | ||
| 040 | |a GR-MY-UA |b gre |e aacr | ||
| 041 | 0 | |a eng | |
| 082 | 0 | |a 883.01 | |
| 100 | 1 | |a Όμηρος |d 8ος αι. π.Χ. | |
| 245 | 1 | 0 | |a Odyssey : |b books VI-VIII / |c Homer ; edited by A.F. Garvie |
| 260 | |a Cambridge : |b Cambridge University Press, |c 1994 | ||
| 300 | |a 368 p. | ||
| 490 | 1 | |a Cambridge greek and latin classics | |
| 600 | 0 | 0 | |a Όμηρος |d 8ος αι. π.Χ. |x Appreciation |z United States. |
| 700 | 1 | |a Garvie, A.F. |4 edt | |
| 830 | 0 | |a Cambridge Greek and Latin classics | |
| 852 | |a INST |b RHODES |e 20040114 |h 883.01 ΟΜΗ |p 005400019826 |q 005400019826 |t BK |y 0 | ||
| 901 | |a BIBL4-2004-1 | ||
| 909 | |a Ρ |b 107719 | ||
| 922 | |a 4ΕΛΗ |b 200312 |c ΕΠΕΑΕΚ2/ΤΕΠΑΕΣ |d ΜΙΧΑΛΟΠΟΥΛΟΣ | ||
| 950 | |a 096-2003-10-23 | ||
| 970 | |a ΚΟΥΛΑΚΙΟΤΗ |b ΛΙΤΣΑ |z 2004/01/23 | ||